000 00875cad a22002295a 4500
001 E148704
008 091021s2009 xxkd f s 000 0 eng d
035 _a(Sirsi) u148704
041 0 _aeng
050 0 4 _a333.33 $2 18
110 2 _aCB Richard Ellis
_93675
245 0 0 _aEMEA rents and yields
_bmarket view, Q3 2009
_h[electronic resource]
260 _aLondon
_bCBRE
_c2009
490 0 _aCB Richard Ellis EMEA Rents and Yields Market View
_vThird Quarter 2009
520 _aReports that EU 15 rents and yields have fallen across all sectors of the commercial property market.
590 _aKA
650 2 4 _aCB RICHARD ELLIS EMEA RENTS AND YIELDS MARKET VIEW
651 4 _aUnited Kingdom
_y
690 _aPROPERTY-COMMERCIAL PROPERTY-COMMERCIAL PROPERTY MARKET
856 4 0 _uhttps://www.cbre.co.uk/
_zView the report free of charge at www.cbre.co.uk...
942 _n0
999 _c110173
_d110173